书目信息 |
| 题名: |
中国自贸区建设带动下的国际贸易与投资增长研究
|
|
| 作者: | 金钢 著 | |
| 分册: | ||
| 出版信息: | 北京 中国商业出版社 2019.4 |
|
| 页数: | 189页 | |
| 开本: | 24cm | |
| 丛书名: | ||
| 单 册: | ||
| 中图分类: | F74 , F832.6 | |
| 科图分类: | ||
| 主题词: | 自由贸易区--zi you mao yi qu--影响--国际贸易--研究--中国 , 自由贸易区--zi you mao yi qu--影响--对外投资--研究--中国 | |
| 电子资源: | ||
| ISBN: | 978-7-5208-0736-4 | |
| 000 | 01212nam0 2200253 450 | |
| 001 | 2161425750 | |
| 005 | 20210928130734.0 | |
| 010 | @a978-7-5208-0736-4@dCNY59.00 | |
| 100 | @a20190731d2019 em y0chiy50 ea | |
| 101 | 0 | @achi |
| 102 | @aCN@b110000 | |
| 105 | @aak z 000yy | |
| 106 | @ar | |
| 200 | 1 | @a中国自贸区建设带动下的国际贸易与投资增长研究@Azhong guo zi mao qu jian she dai dong xia de guo ji mao yi yu tou zi zeng chang yan jiu@f金钢著 |
| 210 | @a北京@c中国商业出版社@d2019.4 | |
| 215 | @a189页@c图@d24cm | |
| 330 | @a本书首先总结介绍了我国国际贸易与对外投资的发展现状以及现今我国国际贸易所面临的挑战与机遇,并对新时代国际贸易的理论依据做了简单介绍。其次对自由贸易区的内涵与特征、国内外自由贸易区的对比分析、我国自由贸易区建设发展实践等做了介绍。再次基于自由贸易区的制度、影响等方面对自由贸易区建设给我国对外贸易与投资带来的影响做了分析。最后基于以上内容对我国自由贸易区建设的意义与建议做了分析和阐述。 | |
| 606 | 0 | @a自由贸易区@Azi you mao yi qu@x影响@x国际贸易@x研究@y中国 |
| 606 | 0 | @a自由贸易区@Azi you mao yi qu@x影响@x对外投资@x研究@y中国 |
| 690 | @aF74@v5 | |
| 690 | @aF832.6@v5 | |
| 701 | 0 | @a金钢@Ajin gang@4著 |
| 801 | 0 | @aCN@b百万庄@c20210927 |
| 905 | @b1302111-14@dF74@e199@f4 | |
| 中国自贸区建设带动下的国际贸易与投资增长研究/金钢著.-北京:中国商业出版社,2019.4 |
| 189页:图;24cm |
| ISBN 978-7-5208-0736-4:CNY59.00 |
| 本书首先总结介绍了我国国际贸易与对外投资的发展现状以及现今我国国际贸易所面临的挑战与机遇,并对新时代国际贸易的理论依据做了简单介绍。其次对自由贸易区的内涵与特征、国内外自由贸易区的对比分析、我国自由贸易区建设发展实践等做了介绍。再次基于自由贸易区的制度、影响等方面对自由贸易区建设给我国对外贸易与投资带来的影响做了分析。最后基于以上内容对我国自由贸易区建设的意义与建议做了分析和阐述。 |
| ● |
| 相关链接 |
|
|
|
|
正题名:中国自贸区建设带动下的国际贸易与投资增长研究
索取号:F74/199
 
预约/预借
| 序号 | 登录号 | 条形码 | 馆藏地/架位号 | 状态 | 备注 |
| 1 | 1302111 | 213021111 | 第一样本阅览室/ [索取号:F74/199] | 在馆 | |
| 2 | 1302112 | 213021120 | 第一借阅区/ [索取号:F74/199] | 在馆 | |
| 3 | 1302113 | 213021139 | 第一借阅区/ [索取号:F74/199] | 在馆 | |
| 4 | 1302114 | 213021148 | 第一借阅区/ [索取号:F74/199] | 在馆 |